| 000 | 00393nam a2200157Ia 4500 | ||
|---|---|---|---|
| 008 | 210716s2010 xx 000 0 und d | ||
| 020 | _a9788174467911 | ||
| 041 | _aeng | ||
| 082 | _a658.402 RAOP | ||
| 100 | _aRao, P L. | ||
| 245 | _aHRD trainers handbook of management games. | ||
| 250 | _a1 | ||
| 260 |
_aNew Delhi _bExcel Books _c2010 |
||
| 300 | _axiv,496 | ||
| 650 | _aGames of action | ||
| 999 |
_c205507 _d205507 |
||